000 01591nam1a22002891i 4500
001 rc\3706602
005 20260406172208.0
035 _a(NLR Aleph) 007765862
090 _a7416370
_c7416370
100 _a20130115d1970 |||y0rusy50 ca
101 0 _arus
102 _aRU
105 _ay z |||||
200 1 _aСборник задач по курсу "Финансы предприятий и отраслей народного хозяйства"
_f[Общ. ред. Ястребова Н.А.] Разд. 1-
_g[М-во высш. и сред. спец. образ. РСФСР]. Ленингр. фин.-экон. ин-т им. Н.А. Вознесенского. Кафедра финансов
210 _aЛенинград
_cБ. и.
_d1970
215 _d21
300 _aНа обороте тит. л. авт.: канд. экон. наук Гуров А.Н., д-р экон. наук Жевтяк П.Н., канд. экон. наук Карасик М.А. [и др.]
532 1 3 _aСборник задач по курсу Финансы предприятий и отраслей народного хозяйства
701 1 _aЖевтяк
_bП.Н.
701 1 _aКарасик
_bМ.А.
701 1 _aГуров
_bА.Н.
702 1 _aЯстребов
_bН.А.
_4340
712 0 2 _aЛенинградский финансово-экономический институт им. Н. А. Вознесенского
_bКафедра финансов
_3RU\NLR\AUTH\889939705
_9374268
801 0 _aRU
_bNLR
_gpsbo
801 1 _aRU
_bELAR
_2rusmarc
852 _aNLR
_j72-4/8611
942 _cBOOK